Computer programming for geographers
Αποθηκεύτηκε σε:
| Κύριος συγγραφέας: | |
|---|---|
| Άλλοι συγγραφείς: | |
| Μορφή: | Βιβλίο |
| Γλώσσα: | English |
| Δημοσίευση: |
London :
Longman,
1985
|
| Θέματα: | |
| Ετικέτες: |
Προσθήκη ετικέτας
Δεν υπάρχουν, Καταχωρήστε ετικέτα πρώτοι!
|
MARC
| LEADER | 00000cam a2200000 i 4500 | ||
|---|---|---|---|
| 001 | 1/86253 | ||
| 008 | 961004s1985 eng d | ||
| 020 | |a 0-582-30095-9 | ||
| 035 | |l 10006457 | ||
| 040 | |a GR-MY-UA |b gre |e aacr | ||
| 041 | 0 | |a eng | |
| 082 | 0 | |a 001.6424 | |
| 100 | 1 | |a Unwin, D. |q (David John) | |
| 245 | 1 | 0 | |a Computer programming for geographers / |c David J. Unwin and John A. Dawson |
| 260 | |a London : |b Longman, |c 1985 | ||
| 300 | |a xii, 252 p.; |c 24 cm | ||
| 504 | |a Bibliography: p. [240]-246. Includes index | ||
| 650 | 0 | 0 | |a Geography |x Data processing. |
| 700 | 1 | |a Dawson, John A. | |
| 852 | |a INST |b LESVOS |e 19961004 |h 004.1 UNW |p 005100009168 |q 005100009168 |t BK |y 0 | ||
| 909 | |a Λ |b 009413 | ||